| 000 | 00701nam a22001697a 4500 | ||
|---|---|---|---|
| 005 | 20220726092638.0 | ||
| 008 | 220725b ||||| |||| 00| 0 eng d | ||
| 040 | _cAloy | ||
| 082 |
_223 _a361.092H _bPASJ |
||
| 100 |
_aDevnarayan Paswan: देवनारायण पासवान _953231 |
||
| 245 | _aJopdi ke lal Da Ramkaran pal: झोपड़ी के लाल डॉ रामकरण पाल | ||
| 260 |
_aPatna _bMahatma Jyothiba Phule Shodh Samsthan Prakashan _c2005 |
||
| 300 |
_a269p. _bHB _c22x13cm. |
||
| 650 |
_aBiography: जीवनचरित्र _953111 |
||
| 700 |
_aPaswan (Devnarayan): पासवान (देवनारायण) _953112 |
||
| 942 |
_2ddc _cGF |
||
| 999 |
_c224150 _d224150 |
||